| 000 | 00671pam a2200181 a 4500 | ||
|---|---|---|---|
| 020 | _a0803104227 | ||
| 040 | _cDLC | ||
| 082 | 0 | 0 | _a670 AST 1985 A041 Or. |
| 245 | 0 | 0 |
_aAutomated manufacturing : _ba symposium / |
| 260 |
_aPhiladelphia, Pa. : _bASTM, _cc1985. |
||
| 300 |
_a251 p. : _bill. ; _c24 cm. |
||
| 500 | _a"Papers ... presented at the First International Symposium on Automated Integrated Manufacturing held in San Diego, California, on 5-6 April 1983"--Introd. | ||
| 500 | _a"ASTM publication code number (PCN) 04-862000-32." | ||
| 650 | 0 | _aAutomation | |
| 700 | 1 | _aGardner, Leonard B. | |
| 710 | 2 | _aASTM Committee E-31 on Computerized Systems. | |
| 942 | _cEK | ||
| 999 |
_c12472 _d12472 |
||